000 00749nam a2200205Ia 4500
001 16776
003 GE_BSU
008 181216s||||||||xx |||||||||||||| ||und||
040 _cGE_BSU
080 _a821.353.1(092რუსთაველი) + 821.353.1-92
100 _aაბაშიძე, ირაკლი (1909-1992)
245 _aსიტყვები. გზები. სახეები.
245 _cრედ.დ.ჩხიკვიშვილი. მხ.დ.დუნდუა
260 _aთბილისი
260 _bსაბჭ. საქართველო
260 _c1971
300 _a547 გვ. ; 20 სმ.
653 _aსიტყვები. გზები. სახეები
942 _cBK
999 _c49841
_d49841